Loading...
Leadership and Motivation
| Main Author: | |
|---|---|
| Format: | Printed Book |
| Language: | English |
| Published: |
New Delhi
Kogan page India private limited
2008
|
| Subjects: |
| LEADER | 00549nam a22001577a 4500 | ||
|---|---|---|---|
| 005 | 20151215130323.0 | ||
| 008 | 101018t xxu||||| |||| 00| 0 eng d | ||
| 082 | |a 658.409 2 |b ADA | ||
| 100 | |a Adair John |9 3899 | ||
| 245 | |a Leadership and Motivation | ||
| 300 | |a xii, 135p. | ||
| 653 | |a Leadership functions |a Motivation | ||
| 942 | |c BK |6 _ | ||
| 260 | |a New Delhi |b Kogan page India private limited |c 2008 | ||
| 999 | |c 114953 |d 114953 | ||
| 952 | |0 0 |1 0 |2 ddc |4 0 |6 658409_2ADA |7 0 |9 149044 |a SMS |b SMS |c GEN |d 2010-10-18 |o 658.409 2 ADA |p SMS024374 |r 2010-10-18 |v 0.00 |w 2010-10-18 |y BK | ||